000 00435nam a2200145Ia 4500
008 230312s9999||||xx |||||||||||||| ||und||
020 _a0471381861
082 _a658.800
_bHEL-A
100 _aPowell,Stephen.G
245 4 _aThe art of modeling with spreadsheets : management science, spreadsheet engineering, and modeling craft
260 _bWiley
_aUSA
_c2000
300 _a346
650 _aAccounting
_vData processing
942 _cBK
999 _c18307
_d18307